Hóa học hữu cơ

Đã lưu trong:
書目詳細資料
主要作者: HOÀNG TRỌNG YÊM
格式: 圖書
語言:Undetermined
出版: H. KHKT 2001
主題:
標簽: 添加標簽
沒有標簽, 成為第一個標記此記錄!
Thư viện lưu trữ: Trung tâm Học liệu Trường Đại học Cần Thơ
LEADER 00560nam a2200193Ia 4500
001 CTU_46649
008 210402s9999 xx 000 0 und d
082 |a 547 
082 |b Y253/T4 
100 |a HOÀNG TRỌNG YÊM 
245 0 |a Hóa học hữu cơ 
245 0 |c HOÀNG TRỌNG YÊM, Dương Văn Tuệ 
260 |a H. 
260 |b KHKT 
260 |c 2001 
526 |a Các phương pháp phổ nghiệm hữu cơ 
526 |b TN361 
650 |a chemistry, organic 
980 |a Trung tâm Học liệu Trường Đại học Cần Thơ